[Event "Bundesliga 9596"]
[Site "Deutschland"]
[Date "1996.??.??"]
[Round "?.5"]
[White "Hess, Ralf"]
[Black "Meins, Gerlef"]
[Result "1-0"]
[WhiteElo "2400"]
[BlackElo "2445"]
[PlyCount "149"]
[EventDate "1995.10.??"]
[EventType "team"]
[EventRounds "15"]
[EventCountry "GER"]
[SourceTitle "Bundesliga 9596"]
[Source "DeepChess"]
[SourceDate "2005.01.01"]
[SourceVersion "1"]
[SourceVersionDate "2005.01.01"]
[SourceQuality "1"]
[WhiteTeam "SV Tuebingen 1870 e.V."]
[BlackTeam "SAbt SV Werder Bremen"]
[WhiteTeamCountry "GER"]
[BlackTeamCountry "GER"]

1. c4 e5 2. Nc3 Nf6 3. Nf3 Nc6 4. d4 e4 5. Nd2 Nxd4 6. Ndxe4 Nxe4 7. Qxd4 Nxc3
8. bxc3 d6 9. g3 Be7 10. Bg2 O-O 11. O-O Bf6 12. Qd3 Rb8 13. Be3 b6 14. Bd4 Qe7
15. Rae1 Ba6 16. Bc6 Qe6 17. Bb5 Bb7 18. e4 c6 19. Ba4 Ba6 20. Bb3 c5 21. Bxf6
Qxf6 22. Rd1 Rbd8 23. Rfe1 Bb7 24. Re3 Bc6 25. Qc2 Qe6 26. Ba4 Bb7 27. Qe2 f6
28. Bc2 Rfe8 29. a4 Qf7 30. Bd3 Bc6 31. Ra1 Qc7 32. h4 Re7 33. Bc2 Rde8 34. Qg4
Re5 35. Rae1 Qf7 36. Qe2 Qd7 37. Ra1 Qh3 38. Rd1 R5e6 39. Re1 f5 40. Qf3 Re5
41. Qf4 Rf8 42. Rf3 Rf6 43. Qd2 fxe4 44. Rxf6 e3 45. Rf8+ Kxf8 46. Qxd6+ Re7
47. f3 Kg8 48. Be4 Re6 49. Qb8+ Re8 50. Bd5+ Kh8 51. Qf4 Bxa4 52. Rxe3 Qc8 53.
h5 Rxe3 54. Qxe3 Qe8 55. Qf4 Bd7 56. Kf2 h6 57. g4 Be6 58. Qe5 Bf7 59. Qc7 Bg8
60. Qxa7 Bxd5 61. cxd5 Qe5 62. Qf7 Qxc3 63. Qf8+ Kh7 64. d6 Qd2+ 65. Kg3 Qe1+
66. Kf4 Qd2+ 67. Ke5 Qe3+ 68. Kd5 Qb3+ 69. Kc6 Qa4+ 70. Kb7 Qd7+ 71. Kxb6 c4
72. Qe7 Qa4 73. d7 Qb3+ 74. Kc7 c3 75. Qe4+ 1-0

[Event "Bundesliga 9596"]
[Site "Deutschland"]
[Date "1996.??.??"]
[Round "?.6"]
[White "Meyer, Claus Dieter"]
[Black "Dutschak, Hauke"]
[Result "1/2-1/2"]
[WhiteElo "2330"]
[BlackElo "2260"]
[PlyCount "82"]
[EventDate "1995.10.??"]
[EventType "team"]
[EventRounds "15"]
[EventCountry "GER"]
[SourceTitle "Bundesliga 9596"]
[Source "DeepChess"]
[SourceDate "2005.01.01"]
[SourceVersion "1"]
[SourceVersionDate "2005.01.01"]
[SourceQuality "1"]
[WhiteTeam "SAbt SV Werder Bremen"]
[BlackTeam "SV Tuebingen 1870 e.V."]
[WhiteTeamCountry "GER"]
[BlackTeamCountry "GER"]

1. e4 d5 2. exd5 Nf6 3. d4 Nxd5 4. Nf3 Bg4 5. Be2 e6 6. O-O Be7 7. c4 Nb6 8.
Nc3 O-O 9. h3 Bh5 10. Be3 Nc6 11. d5 exd5 12. cxd5 Nb4 13. Bxb6 axb6 14. a3 Na6
15. Nd4 Bxe2 16. Qxe2 Nc5 17. Rad1 Bd6 18. Rfe1 Qd7 19. Qf3 Rfe8 20. g4 Rxe1+
21. Rxe1 Re8 22. Re3 Rxe3 23. Qxe3 Na4 24. Nxa4 Qxa4 25. b4 Kf8 26. Qd3 g6 27.
Kg2 Qd7 28. Qe4 Qe7 29. Qxe7+ Kxe7 30. Kf3 Kf6 31. Ke4 h6 32. f4 Ke7 33. Nb5 f6
34. Nxd6 Kxd6 35. a4 Kd7 36. h4 Ke7 37. Kd4 Kd6 38. g5 hxg5 39. hxg5 fxg5 40.
fxg5 Kd7 41. Ke5 Ke7 1/2-1/2

[Event "Bundesliga 9596"]
[Site "Deutschland"]
[Date "1996.??.??"]
[Round "?.7"]
[White "Frick, Christoph"]
[Black "Babula, Vlastimil"]
[Result "0-1"]
[WhiteElo "2280"]
[BlackElo "2540"]
[PlyCount "92"]
[EventDate "1995.10.??"]
[EventType "team"]
[EventRounds "15"]
[EventCountry "GER"]
[SourceTitle "Bundesliga 9596"]
[Source "DeepChess"]
[SourceDate "2005.01.01"]
[SourceVersion "1"]
[SourceVersionDate "2005.01.01"]
[SourceQuality "1"]
[WhiteTeam "SV Tuebingen 1870 e.V."]
[BlackTeam "SAbt SV Werder Bremen"]
[WhiteTeamCountry "GER"]
[BlackTeamCountry "GER"]

1. e4 c5 2. Nc3 e6 3. g3 d5 4. Bg2 Nf6 5. e5 Nfd7 6. f4 h5 7. Nf3 h4 8. O-O
hxg3 9. hxg3 Nc6 10. d3 Be7 11. Qe2 g6 12. b3 Nd4 13. Nxd4 cxd4 14. Nd1 Nb8 15.
Bb2 Nc6 16. Nf2 Bd7 17. Ng4 Qa5 18. a3 O-O-O 19. b4 Qb6 20. Rab1 a5 21. bxa5
Qxa5 22. Bc1 Kb8 23. Rb3 Rc8 24. Bd2 Qa4 25. Rfb1 Rc7 26. Qe1 Rhc8 27. R1b2 Qa7
28. Qb1 Nd8 29. Bb4 Ba4 30. Bxe7 Rxe7 31. Rb4 Rec7 32. Nf6 Bxc2 33. Rxc2 Rxc2
34. Nd7+ Kc7 35. Qxc2+ Kxd7 36. Qb2 Rc3 37. a4 Rxd3 38. Kh2 Rc3 39. Bf1 Kc8 40.
Kh3 Qc5 41. Rb5 Qa3 42. Qf2 Nc6 43. a5 Rf3 44. Qg2 Qe3 45. Kg4 Nxe5+ 46. fxe5
Qe4+ 0-1

[Event "Bundesliga 9596"]
[Site "Deutschland"]
[Date "1996.??.??"]
[Round "?.8"]
[White "Hedke, Fred"]
[Black "Von Naso, Lancelot"]
[Result "1-0"]
[WhiteElo "2375"]
[BlackElo "2095"]
[PlyCount "60"]
[EventDate "1995.10.??"]
[EventType "team"]
[EventRounds "15"]
[EventCountry "GER"]
[SourceTitle "Bundesliga 9596"]
[Source "DeepChess"]
[SourceDate "2005.01.01"]
[SourceVersion "1"]
[SourceVersionDate "2005.01.01"]
[SourceQuality "1"]
[WhiteTeam "SAbt SV Werder Bremen"]
[BlackTeam "SV Tuebingen 1870 e.V."]
[WhiteTeamCountry "GER"]
[BlackTeamCountry "GER"]

1. e4 c5 2. c3 e5 3. d4 exd4 4. cxd4 cxd4 5. Nf3 Bb4+ 6. Bd2 Bc5 7. Bc4 Nf6 8.
Qc2 O-O 9. Bxf7+ Rxf7 10. Qxc5 Nxe4 11. Qd5 Nf6 12. Qxd4 Nc6 13. Qd3 Qe7+ 14.
Be3 Ng4 15. Ng5 Qxg5 16. Bxg5 Nxf2 17. Qd6 Nxh1 18. Nc3 Nf2 19. Bh4 Nb4 20.
Bxf2 Nc2+ 21. Ke2 Nxa1 22. Ne4 b6 23. Qd5 Ba6+ 24. Kd1 Re8 25. Nd6 Re6 26. Nxf7
Kxf7 27. Qxd7+ Re7 28. Qd5+ Ke8 29. Qg8+ Kd7 30. Bh4 Re6 1-0

[Event "Bundesliga 9596"]
[Site "Deutschland"]
[Date "1995.??.??"]
[Round "?.3"]
[White "Gabriel, Christian"]
[Black "Kurz, Alexander"]
[Result "1-0"]
[WhiteElo "2475"]
[BlackElo "2350"]
[PlyCount "79"]
[EventDate "1995.10.??"]
[EventType "team"]
[EventRounds "15"]
[EventCountry "GER"]
[SourceTitle "Bundesliga 9596"]
[Source "DeepChess"]
[SourceDate "2005.01.01"]
[SourceVersion "1"]
[SourceVersionDate "2005.01.01"]
[SourceQuality "1"]
[WhiteTeam "SG 1868 Aljech. Solingen"]
[BlackTeam "SC 1868 Bamberg e.V."]
[WhiteTeamCountry "GER"]
[BlackTeamCountry "GER"]

1. d4 Nf6 2. c4 g6 3. Nc3 Bg7 4. e4 d6 5. Nf3 O-O 6. Be2 e5 7. d5 Nbd7 8. Be3
Ng4 9. Bg5 f6 10. Bd2 f5 11. exf5 gxf5 12. Ng5 Ndf6 13. h3 Nh6 14. Ne6 Bxe6 15.
dxe6 f4 16. Nd5 Nf5 17. Bg4 c6 18. Bxf5 cxd5 19. cxd5 Nxd5 20. Qh5 Nf6 21. Qh4
Qe8 22. Rc1 Qb5 23. Rc7 h6 24. g4 Qd5 25. Rg1 Ne8 26. Rc3 Qxa2 27. Qe7 Qxb2 28.
g5 h5 29. Be4 Qa1+ 30. Rc1 Qd4 31. Qxb7 Rb8 32. Qd5 Qxd5 33. Bxd5 Kh8 34. e7
Rg8 35. Ke2 e4 36. Bxf4 Bd4 37. Rb1 Rxb1 38. Rxb1 Rg7 39. Rb8 Rxe7 40. Bc6 1-0

[Event "Bundesliga 9596"]
[Site "Deutschland"]
[Date "1995.??.??"]
[Round "?.4"]
[White "Huemmer, Bernd"]
[Black "Bischoff, Klaus"]
[Result "0-1"]
[WhiteElo "2280"]
[BlackElo "2550"]
[PlyCount "66"]
[EventDate "1995.10.??"]
[EventType "team"]
[EventRounds "15"]
[EventCountry "GER"]
[SourceTitle "Bundesliga 9596"]
[Source "DeepChess"]
[SourceDate "2005.01.01"]
[SourceVersion "1"]
[SourceVersionDate "2005.01.01"]
[SourceQuality "1"]
[WhiteTeam "SC 1868 Bamberg e.V."]
[BlackTeam "SG 1868 Aljech. Solingen"]
[WhiteTeamCountry "GER"]
[BlackTeamCountry "GER"]

1. d4 Nf6 2. c3 g6 3. Bg5 Bg7 4. Nd2 d6 5. e4 h6 6. Bh4 Nbd7 7. Ngf3 O-O 8. Bc4
d5 9. Bxd5 Nxd5 10. exd5 f5 11. h3 f4 12. Qb3 g5 13. Bxg5 hxg5 14. d6+ Kh8 15.
Nxg5 cxd6 16. Nf7+ Rxf7 17. Qxf7 Nf6 18. O-O-O Qg8 19. Qg6 Bf8 20. Qxg8+ Kxg8
21. g4 fxg3 22. fxg3 Bh6 23. Kc2 Nd5 24. Rde1 Bf5+ 25. Kd1 Bd3 26. Re6 Kh7 27.
c4 Ne3+ 28. Ke1 Re8 29. Ne4 Nc2+ 30. Kd1 Nxd4 31. Nxd6 Bc2+ 32. Ke1 Nxe6 33.
Nxe8 Bg6 0-1

[Event "Bundesliga 9596"]
[Site "Deutschland"]
[Date "1995.??.??"]
[Round "?.5"]
[White "Lau, Ralf"]
[Black "Loew, Gerald"]
[Result "1/2-1/2"]
[WhiteElo "2490"]
[BlackElo "2285"]
[PlyCount "55"]
[EventDate "1995.10.??"]
[EventType "team"]
[EventRounds "15"]
[EventCountry "GER"]
[SourceTitle "Bundesliga 9596"]
[Source "DeepChess"]
[SourceDate "2005.01.01"]
[SourceVersion "1"]
[SourceVersionDate "2005.01.01"]
[SourceQuality "1"]
[WhiteTeam "SG 1868 Aljech. Solingen"]
[BlackTeam "SC 1868 Bamberg e.V."]
[WhiteTeamCountry "GER"]
[BlackTeamCountry "GER"]

1. e4 c5 2. Nc3 Nc6 3. f4 g6 4. Nf3 Bg7 5. Bb5 Nd4 6. a4 a6 7. Bd3 d6 8. Nxd4
cxd4 9. Ne2 Nf6 10. Nxd4 Nxe4 11. Bxe4 Bxd4 12. c3 d5 13. Bc2 Bg7 14. d4 Bf5
15. Bxf5 gxf5 16. a5 O-O 17. O-O b5 18. axb6 Qxb6 19. Re1 e6 20. h3 a5 21. g4
Rfb8 22. Re2 Qb3 23. Qe1 a4 24. Rg2 Kh8 25. Ra3 Qc4 26. Be3 Qd3 27. Ra1 Bf6 28.
Rd1 1/2-1/2

[Event "Bundesliga 9596"]
[Site "Deutschland"]
[Date "1995.??.??"]
[Round "?.6"]
[White "Braun, Herbert"]
[Black "Schaefer, Markus"]
[Result "0-1"]
[WhiteElo "2150"]
[BlackElo "2455"]
[PlyCount "78"]
[EventDate "1995.10.??"]
[EventType "team"]
[EventRounds "15"]
[EventCountry "GER"]
[SourceTitle "Bundesliga 9596"]
[Source "DeepChess"]
[SourceDate "2005.01.01"]
[SourceVersion "1"]
[SourceVersionDate "2005.01.01"]
[SourceQuality "1"]
[WhiteTeam "SC 1868 Bamberg e.V."]
[BlackTeam "SG 1868 Aljech. Solingen"]
[WhiteTeamCountry "GER"]
[BlackTeamCountry "GER"]

1. Nf3 Nf6 2. d4 g6 3. Bg5 Bg7 4. Nbd2 O-O 5. e4 d6 6. Bd3 h6 7. Bf4 Nc6 8. O-O
e5 9. dxe5 Nh5 10. Be3 dxe5 11. Nb3 Nf4 12. Be2 Qf6 13. c3 b6 14. Re1 Nxe2+ 15.
Qxe2 a5 16. Rad1 Ba6 17. Qc2 Qe6 18. Nc1 Rad8 19. b3 Rxd1 20. Rxd1 f5 21. exf5
gxf5 22. Ne2 Ne7 23. Bc1 Bb7 24. Ne1 f4 25. Qd3 Bc6 26. f3 Ng6 27. c4 e4 28.
Nd4 Qe7 29. fxe4 Bxe4 30. Qh3 Rd8 31. Bb2 Kh7 32. Nef3 Bxf3 33. Qxf3 Qe3+ 34.
Qf2 c5 35. Bc1 Qxf2+ 36. Kxf2 Bxd4+ 37. Kf3 Re8 38. Bxf4 Nxf4 39. Kxf4 Re2 0-1

[Event "Bundesliga 9596"]
[Site "Deutschland"]
[Date "1995.??.??"]
[Round "?.7"]
[White "Reeh, Oliver"]
[Black "Rupp, Markus"]
[Result "1/2-1/2"]
[WhiteElo "2445"]
[BlackElo "2315"]
[PlyCount "28"]
[EventDate "1995.10.??"]
[EventType "team"]
[EventRounds "15"]
[EventCountry "GER"]
[SourceTitle "Bundesliga 9596"]
[Source "DeepChess"]
[SourceDate "2005.01.01"]
[SourceVersion "1"]
[SourceVersionDate "2005.01.01"]
[SourceQuality "1"]
[WhiteTeam "SG 1868 Aljech. Solingen"]
[BlackTeam "SC 1868 Bamberg e.V."]
[WhiteTeamCountry "GER"]
[BlackTeamCountry "GER"]

1. d4 Nf6 2. c4 g6 3. Nc3 Bg7 4. e4 d6 5. f3 O-O 6. Be3 Nbd7 7. Qd2 c5 8. Nge2
a6 9. O-O-O Qa5 10. Kb1 b5 11. dxc5 dxc5 12. Nc1 bxc4 13. Bxc4 Rb8 14. Nb3 Qb4
1/2-1/2

[Event "Bundesliga 9596"]
[Site "Deutschland"]
[Date "1995.??.??"]
[Round "?.8"]
[White "Held, Markus"]
[Black "Schmidt, Bodo"]
[Result "1/2-1/2"]
[WhiteElo "2210"]
[BlackElo "2355"]
[PlyCount "43"]
[EventDate "1995.10.??"]
[EventType "team"]
[EventRounds "15"]
[EventCountry "GER"]
[SourceTitle "Bundesliga 9596"]
[Source "DeepChess"]
[SourceDate "2005.01.01"]
[SourceVersion "1"]
[SourceVersionDate "2005.01.01"]
[SourceQuality "1"]
[WhiteTeam "SC 1868 Bamberg e.V."]
[BlackTeam "SG 1868 Aljech. Solingen"]
[WhiteTeamCountry "GER"]
[BlackTeamCountry "GER"]

1. e4 e6 2. d4 d5 3. exd5 exd5 4. Nf3 Nc6 5. Bb5 Bd6 6. O-O a6 7. Bxc6+ bxc6 8.
c4 dxc4 9. Nbd2 Be6 10. Qc2 Bd5 11. Ne5 Bxe5 12. Re1 Qh4 13. Rxe5+ Ne7 14. Nxc4
Qxd4 15. Qe2 O-O 16. Be3 Qxc4 17. Qxc4 Bxc4 18. Rxe7 Rac8 19. a3 Rfe8 20. Rxe8+
Rxe8 21. Rd1 Bd5 22. Rd4 1/2-1/2

[Event "Bundesliga 9596"]
[Site "Deutschland"]
[Date "1996.??.??"]
[Round "?.1"]
[White "Pribyl, Martin"]
[Black "Glek, Igor V"]
[Result "0-1"]
[WhiteElo "2325"]
[BlackElo "2635"]
[PlyCount "71"]
[EventDate "1995.10.??"]
[EventType "team"]
[EventRounds "15"]
[EventCountry "GER"]
[SourceTitle "Bundesliga 9596"]
[Source "DeepChess"]
[SourceDate "2005.01.01"]
[SourceVersion "1"]
[SourceVersionDate "2005.01.01"]
[SourceQuality "1"]
[WhiteTeam "SC 1868 Bamberg e.V."]
[BlackTeam "SG Bochum 31"]
[WhiteTeamCountry "GER"]
[BlackTeamCountry "GER"]

1. d4 Nf6 2. c4 g6 3. Nc3 Bg7 4. e4 O-O 5. Nf3 d6 6. Be2 e5 7. O-O a5 8. d5 Na6
9. Bg5 h6 10. Bh4 Bd7 11. b3 Qb8 12. Ne1 Nc5 13. f3 Nh5 14. Nd3 b6 15. Bf2 f5
16. Rb1 Qd8 17. Qd2 Nf4 18. Nxf4 exf4 19. exf5 Rxf5 20. Bd4 Qh4 21. Bxg7 Rh5
22. h3 Bxh3 23. Qe1 Qg5 24. g4 Bxf1 25. Bd4 Bxe2 26. Qxe2 Rh3 27. Bxc5 bxc5 28.
Qe6+ Kh8 29. Ne4 Qh4 30. Kg2 Rh2+ 31. Kf1 Rh1+ 32. Ke2 Rxb1 33. g5 Qe1+ 34. Kd3
Rd1+ 35. Kc2 Qe2+ 36. Kc3 0-1

[Event "Bundesliga 9596"]
[Site "Deutschland"]
[Date "1996.??.??"]
[Round "?.2"]
[White "Piskov, Yury"]
[Black "Pribyl, Josef"]
[Result "1-0"]
[WhiteElo "2520"]
[BlackElo "2405"]
[PlyCount "55"]
[EventDate "1995.10.??"]
[EventType "team"]
[EventRounds "15"]
[EventCountry "GER"]
[SourceTitle "Bundesliga 9596"]
[Source "DeepChess"]
[SourceDate "2005.01.01"]
[SourceVersion "1"]
[SourceVersionDate "2005.01.01"]
[SourceQuality "1"]
[WhiteTeam "SG Bochum 31"]
[BlackTeam "SC 1868 Bamberg e.V."]
[WhiteTeamCountry "GER"]
[BlackTeamCountry "GER"]

1. e4 Nf6 2. d3 c5 3. c3 Nc6 4. Nf3 d6 5. Be2 e6 6. O-O Be7 7. Nbd2 O-O 8. Re1
b5 9. a4 b4 10. d4 bxc3 11. bxc3 d5 12. e5 Ne4 13. Qc2 Nxd2 14. Bxd2 c4 15. g3
Na5 16. Ra2 Rb8 17. h4 Bd7 18. Ng5 g6 19. Kg2 Rb3 20. Rh1 Kg7 21. Nf3 h5 22.
Ng5 Rh8 23. g4 hxg4 24. Bxg4 Rb8 25. Rh3 Qb6 26. h5 Qb3 27. Rf3 Rbf8 28. Rxf7+
1-0

[Event "Bundesliga 9596"]
[Site "Deutschland"]
[Date "1996.??.??"]
[Round "?.3"]
[White "Meister, Peter"]
[Black "Schmittdiel, Eckhard"]
[Result "0-1"]
[WhiteElo "2385"]
[BlackElo "2430"]
[PlyCount "80"]
[EventDate "1995.10.??"]
[EventType "team"]
[EventRounds "15"]
[EventCountry "GER"]
[SourceTitle "Bundesliga 9596"]
[Source "DeepChess"]
[SourceDate "2005.01.01"]
[SourceVersion "1"]
[SourceVersionDate "2005.01.01"]
[SourceQuality "1"]
[WhiteTeam "SC 1868 Bamberg e.V."]
[BlackTeam "SG Bochum 31"]
[WhiteTeamCountry "GER"]
[BlackTeamCountry "GER"]

1. d4 Nf6 2. c4 e6 3. Nf3 c5 4. d5 exd5 5. cxd5 g6 6. Nc3 d6 7. Nd2 Bg7 8. e4
O-O 9. Be2 Nbd7 10. O-O Re8 11. Qc2 h5 12. Nf3 Qe7 13. Bg5 a6 14. a4 Qf8 15. h3
Rb8 16. Rfe1 Ne5 17. Nxe5 Rxe5 18. Bf4 Re8 19. Bf1 Nd7 20. Rab1 Ne5 21. Bh2 f5
22. f4 Nf7 23. Bd3 fxe4 24. Bxe4 Nh8 25. Re2 Bd7 26. Rbe1 Qf7 27. a5 b5 28.
axb6 Rxb6 29. Bd3 Rxe2 30. Qxe2 a5 31. Kh1 a4 32. Qc2 Rb4 33. Re4 Bd4 34. Qe2
Bf6 35. Nd1 Kg7 36. Bg1 Qxd5 37. Bc4 Rxc4 38. Qxc4 Qxd1 39. Kh2 Nf7 40. Re2 d5
0-1

[Event "Bundesliga 9596"]
[Site "Deutschland"]
[Date "1996.??.??"]
[Round "?.4"]
[White "Sonntag, Hans Hubert"]
[Black "Loew, Gerald"]
[Result "0-1"]
[WhiteElo "2405"]
[BlackElo "2285"]
[PlyCount "138"]
[EventDate "1995.10.??"]
[EventType "team"]
[EventRounds "15"]
[EventCountry "GER"]
[SourceTitle "Bundesliga 9596"]
[Source "DeepChess"]
[SourceDate "2005.01.01"]
[SourceVersion "1"]
[SourceVersionDate "2005.01.01"]
[SourceQuality "1"]
[WhiteTeam "SG Bochum 31"]
[BlackTeam "SC 1868 Bamberg e.V."]
[WhiteTeamCountry "GER"]
[BlackTeamCountry "GER"]

1. d4 Nf6 2. Nf3 e6 3. g3 b6 4. Bg2 Bb7 5. O-O c5 6. c4 cxd4 7. Nxd4 Bxg2 8.
Kxg2 Qc7 9. b3 a6 10. f3 d6 11. Bb2 Nbd7 12. Nc3 Be7 13. Rc1 O-O 14. e4 Rac8
15. Qe2 Rfe8 16. Rfd1 Qb7 17. Nc2 Rb8 18. Nd4 Rbc8 19. Rc2 Bd8 20. Rcd2 Bc7 21.
Nc2 Bb8 22. Ne3 h5 23. h3 h4 24. g4 Ne5 25. Kh1 Ng6 26. Ng2 d5 27. cxd5 exd5
28. Nxd5 Nxd5 29. Rxd5 Qc7 30. e5 Nxe5 31. Bxe5 Rxe5 32. Rxe5 Qxe5 33. Qxe5
Bxe5 34. f4 Bf6 35. g5 Be7 36. Nxh4 Rc2 37. Nf3 Rxa2 38. Ne5 Re2 39. Rd7 Bxg5
40. Nd3 Bf6 41. Kg1 Rd2 42. Kf1 a5 43. Ne5 Rxd7 44. Nxd7 Bd4 45. Ke2 b5 46. Kd3
Bf2 47. Ne5 g6 48. Kc2 Kg7 49. Nd3 Bd4 50. b4 axb4 51. Nxb4 f5 52. Kd3 Bf2 53.
Nc6 Kh6 54. Ne5 Kh5 55. Ke2 Bb6 56. Nd3 Bd4 57. Ne1 b4 58. Kd3 b3 59. Nf3 b2
60. Kc2 Bc3 61. Kb1 Bf6 62. Kc2 Kh6 63. Ne1 g5 64. fxg5+ Kxg5 65. Ng2 f4 66.
Ne1 Kh4 67. Nd3 Kg3 68. Nc5 Kxh3 69. Ne4 f3 0-1

[Event "Bundesliga 9596"]
[Site "Deutschland"]
[Date "1996.??.??"]
[Round "?.6"]
[White "Kassebaum, Roman"]
[Black "Krauseneck, Peter"]
[Result "1-0"]
[WhiteElo "2360"]
[BlackElo "2295"]
[PlyCount "91"]
[EventDate "1995.10.??"]
[EventType "team"]
[EventRounds "15"]
[EventCountry "GER"]
[SourceTitle "Bundesliga 9596"]
[Source "DeepChess"]
[SourceDate "2005.01.01"]
[SourceVersion "1"]
[SourceVersionDate "2005.01.01"]
[SourceQuality "1"]
[WhiteTeam "SG Bochum 31"]
[BlackTeam "SC 1868 Bamberg e.V."]
[WhiteTeamCountry "GER"]
[BlackTeamCountry "GER"]

1. e4 e6 2. d4 d5 3. Nd2 c5 4. exd5 Qxd5 5. Ngf3 cxd4 6. Bc4 Qd6 7. O-O Nf6 8.
Nb3 Be7 9. Nbxd4 a6 10. Qe2 O-O 11. Rd1 Qc7 12. Ne5 Nbd7 13. Bf4 Nxe5 14. Bxe5
Qb6 15. Nf3 Rd8 16. Rxd8+ Qxd8 17. Rd1 Qe8 18. Bd3 h6 19. c4 Bd7 20. Bd4 b5 21.
c5 Rc8 22. b4 Nd5 23. Qe4 Nf6 24. Qe1 Bc6 25. Ne5 Bb7 26. Rc1 Qd8 27. c6 Ba8
28. Bc5 Kf8 29. Bxe7+ Kxe7 30. a4 Nd5 31. axb5 axb5 32. Bxb5 Qd6 33. Rc5 f6 34.
Nc4 Qd8 35. Na5 Kf7 36. Ba6 Rc7 37. Bc4 Qd6 38. Bxd5 exd5 39. Qc3 d4 40. Qc4+
Kg6 41. g3 f5 42. b5 d3 43. Rd5 Qe6 44. Qxd3 Qe1+ 45. Kg2 Rf7 46. b6 1-0

[Event "Bundesliga 9596"]
[Site "Deutschland"]
[Date "1996.??.??"]
[Round "?.7"]
[White "Rupp, Markus"]
[Black "Ellers, Holger"]
[Result "0-1"]
[WhiteElo "2330"]
[BlackElo "2310"]
[PlyCount "60"]
[EventDate "1995.10.??"]
[EventType "team"]
[EventRounds "15"]
[EventCountry "GER"]
[SourceTitle "Bundesliga 9596"]
[Source "DeepChess"]
[SourceDate "2005.01.01"]
[SourceVersion "1"]
[SourceVersionDate "2005.01.01"]
[SourceQuality "1"]
[WhiteTeam "SC 1868 Bamberg e.V."]
[BlackTeam "SG Bochum 31"]
[WhiteTeamCountry "GER"]
[BlackTeamCountry "GER"]

1. d4 e6 2. c4 Nf6 3. Nc3 Bb4 4. Qc2 O-O 5. Bg5 c5 6. dxc5 Na6 7. a3 Bxc5 8.
Nf3 Be7 9. e3 h6 10. Bh4 b6 11. Be2 Bb7 12. Rd1 Nc5 13. b4 Nce4 14. Nxe4 Bxe4
15. Qb2 a5 16. O-O axb4 17. axb4 Ra4 18. b5 Qc7 19. Qd4 d5 20. Bg3 Qb7 21. Ra1
Rfa8 22. Rxa4 Rxa4 23. Rc1 Bc5 24. Qd1 Ra2 25. Be5 Ng4 26. Bd4 Qb8 27. g3 Bxf3
28. Bxf3 Nxf2 29. Qb3 Ra3 30. Qb2 Nd3 0-1

[Event "Bundesliga 9596"]
[Site "Deutschland"]
[Date "1996.??.??"]
[Round "?.8"]
[White "Kitte, Sebastian"]
[Black "Held, Markus"]
[Result "1/2-1/2"]
[WhiteElo "2265"]
[BlackElo "2205"]
[PlyCount "107"]
[EventDate "1995.10.??"]
[EventType "team"]
[EventRounds "15"]
[EventCountry "GER"]
[SourceTitle "Bundesliga 9596"]
[Source "DeepChess"]
[SourceDate "2005.01.01"]
[SourceVersion "1"]
[SourceVersionDate "2005.01.01"]
[SourceQuality "1"]
[WhiteTeam "SG Bochum 31"]
[BlackTeam "SC 1868 Bamberg e.V."]
[WhiteTeamCountry "GER"]
[BlackTeamCountry "GER"]

1. d4 Nf6 2. c4 e6 3. Nc3 Bb4 4. e3 Nc6 5. Nge2 d5 6. a3 Be7 7. cxd5 exd5 8.
Nf4 Bf5 9. Qb3 Na5 10. Qa4+ Nc6 11. Qb3 Na5 12. Qa4+ Nc6 13. Be2 O-O 14. O-O
Bd6 15. Ncxd5 Nxd5 16. Nxd5 Bxh2+ 17. Kxh2 Qxd5 18. Qb5 Qe6 19. Kg1 Rfd8 20.
Bd2 a6 21. Qc4 Nxd4 22. exd4 Qxc4 23. Bxc4 Rxd4 24. Bxf7+ Kxf7 25. Bc3 Rd5 26.
Rfe1 Rad8 27. Re3 Rd1+ 28. Rxd1 Rxd1+ 29. Kh2 g6 30. Kg3 Rd3 31. Rxd3 Bxd3 32.
Kf4 Ke6 33. Ke3 Bf1 34. g3 Kd5 35. f4 h5 36. Bf6 Kc4 37. Kd2 c5 38. Bg7 b5 39.
Bf6 a5 40. Bg7 a4 41. Bf6 Bh3 42. Bg7 Bf5 43. Bf6 b4 44. axb4 cxb4 45. Bg7 Kb3
46. Kc1 Ka2 47. Bf6 a3 48. bxa3 bxa3 49. Bg7 Kb3 50. Bf6 Kc4 51. Be7 a2 52. Kb2
Bb1 53. Bf6 Kd3 54. Bh4 1/2-1/2

[Event "Bundesliga 9596"]
[Site "Deutschland"]
[Date "1996.??.??"]
[Round "?.1"]
[White "Lutz, Christopher"]
[Black "Pfleger, Helmut"]
[Result "1-0"]
[WhiteElo "2555"]
[BlackElo "2490"]
[PlyCount "67"]
[EventDate "1995.10.??"]
[EventType "team"]
[EventRounds "15"]
[EventCountry "GER"]
[SourceTitle "Bundesliga 9596"]
[Source "DeepChess"]
[SourceDate "2005.01.01"]
[SourceVersion "1"]
[SourceVersionDate "2005.01.01"]
[SourceQuality "1"]
[WhiteTeam "SG Porz e.V."]
[BlackTeam "SC 1868 Bamberg e.V."]
[WhiteTeamCountry "GER"]
[BlackTeamCountry "GER"]

1. e4 d6 2. d4 Nf6 3. Nc3 g6 4. Bg5 Bg7 5. Qd2 c6 6. f4 b5 7. Bd3 b4 8. Nce2
Qb6 9. Nf3 Bg4 10. O-O d5 11. Bxf6 Bxf6 12. e5 Bg7 13. f5 Nd7 14. Kh1 O-O 15.
Qf4 Bxf3 16. Rxf3 c5 17. c3 bxc3 18. bxc3 Qb2 19. Re1 c4 20. Bb1 Rab8 21. h4
Rb6 22. h5 h6 23. Rff1 g5 24. Qf3 Qd2 25. Rd1 Qb2 26. Ng3 Rfb8 27. Qxd5 Qxc3
28. Ne4 Qa1 29. f6 Rxb1 30. fxg7 Nf6 31. Nxf6+ exf6 32. Rxb1 Rxb1 33. Qd8+ Kxg7
34. Qxf6+ 1-0

[Event "Bundesliga 9596"]
[Site "Deutschland"]
[Date "1996.??.??"]
[Round "?.5"]
[White "Stangl, Markus"]
[Black "Loew, Gerald"]
[Result "1-0"]
[WhiteElo "2565"]
[BlackElo "2285"]
[PlyCount "59"]
[EventDate "1995.10.??"]
[EventType "team"]
[EventRounds "15"]
[EventCountry "GER"]
[SourceTitle "Bundesliga 9596"]
[Source "DeepChess"]
[SourceDate "2005.01.01"]
[SourceVersion "1"]
[SourceVersionDate "2005.01.01"]
[SourceQuality "1"]
[WhiteTeam "SG Porz e.V."]
[BlackTeam "SC 1868 Bamberg e.V."]
[WhiteTeamCountry "GER"]
[BlackTeamCountry "GER"]

1. c4 e5 2. Nc3 Nf6 3. Nf3 Nc6 4. g3 Bb4 5. Nd5 Bc5 6. Bg2 d6 7. O-O Nxd5 8.
cxd5 Nd4 9. Nxd4 Bxd4 10. e3 Bb6 11. b3 Bf5 12. d4 exd4 13. e4 Bd7 14. Bb2 Qf6
15. Qd3 O-O-O 16. a4 a5 17. b4 c5 18. dxc6 Bxc6 19. Rfc1 axb4 20. e5 dxe5 21.
Qb5 Bc7 22. Bxc6 bxc6 23. Rxc6 Rd6 24. Rac1 Rxc6 25. Rxc6 Qe7 26. a5 d3 27. Bc1
d2 28. Bxd2 Rd8 29. a6 Rxd2 30. a7 1-0